| 000 | 00643nam a22001577a 4500 | ||
|---|---|---|---|
| 003 | OSt | ||
| 005 | 20150923092902.0 | ||
| 008 | 150923b xxu||||| |||| 00| 0 eng d | ||
| 040 | _cRUA | ||
| 082 | _aAGR MOK 2012 B045 Or.5 | ||
| 100 |
_91147 _aMOK, KUNGKEA. |
||
| 245 | _aenhancement of crawfish (palaemonetes kadiakensis) aproduction in semi-intensive rearing (ការបង្កើតបរិមាណកំពឹសស្រែតាមបែបពាក់កណ្តាលប្រពលវប្បកម្មក្នុងស្រុះ) | ||
| 260 |
_aPhnom Penh _bRUA _c1012 |
||
| 300 |
_ax, 33p. _bill. _c29cm. |
||
| 942 |
_2ddc _cAGR |
||
| 999 |
_c1098 _d1098 |
||